[Event "SUI-chT"]
[Site "Switzerland"]
[Date "2002.10.06"]
[Round "9.3"]
[White "Weindl, Alfred"]
[Black "Ballmann, Martin"]
[Result "1-0"]
[WhiteElo "2397"]
[BlackElo "2400"]
[Annotator "Herbrechtsmeier"]
[PlyCount "83"]
[EventDate "2002.??.??"]
[SourceDate "2002.03.03"]
[WhiteTeam "Reichenstein"]
[BlackTeam "Winterthur"]

1. Nf3 g6 2. c4 Bg7 3. Nc3 c5 4. g3 Nc6 5. Bg2 a6 6. O-O Rb8 7. a4 Nh6 8. e4
Ng4 9. d3 d6 10. Ne1 Nb4 11. Kh1 Ne5 12. f4 Nec6 13. f5 Nd4 14. g4 h5 15. Bf4
hxg4 16. Qxg4 Bf6 17. Qg3 Rg8 18. Rd1 Kd7 19. Qe3 Qc7 20. Bh3 gxf5 21. Rg1
Rxg1+ 22. Qxg1 Kc6 23. a5 e5 24. Nd5 Nxd5 25. exd5+ Kd7 26. Be3 Ke7 27. Bxd4
cxd4 28. Nf3 f4 29. Bxc8 Qxc8 30. Re1 Kd7 31. Nd2 Be7 32. c5 Qxc5 33. Qg4+ Ke8
34. Ne4 Qxd5 35. Rc1 f5 $2 (35... Qe6 36. Qg8+ Bf8 37. Rc7 Qg6 38. Qh8 Kd8) 36.
Qxf5 Kd8 37. Qh7 Qb5 38. Nf6 Bxf6 39. Qc7+ Ke8 40. Qxb8+ Ke7 $4 (40... Kf7 41.
Rc7+ Be7) 41. Rc7+ Ke6 42. Qc8+ 1-0

[Event "SUI-chT"]
[Site "Switzerland"]
[Date "2002.10.06"]
[Round "9.4"]
[White "Hochstrasser, Michael"]
[Black "Kaenel, Hansjuerg"]
[Result "1-0"]
[WhiteElo "2349"]
[BlackElo "2358"]
[PlyCount "141"]
[EventDate "2002.??.??"]
[SourceDate "2002.03.03"]
[WhiteTeam "Winterthur"]
[BlackTeam "Reichenstein"]

1. g3 d5 2. Bg2 c5 3. Nf3 e6 4. O-O b5 5. d3 Bb7 6. e4 b4 7. exd5 Bxd5 8. c4
Bb7 9. d4 cxd4 10. Nxd4 Bxg2 11. Kxg2 Nf6 12. Bf4 a6 13. Qf3 Nbd7 14. Re1 Bc5
15. Nb3 O-O 16. N1d2 Qb6 17. Nxc5 Nxc5 18. Be3 Qc7 19. Bxc5 Qxc5 20. Ne4 Nxe4
21. Qxe4 Rad8 22. Rad1 Rd6 {(=)} 23. Rxd6 Qxd6 24. Rc1 Qc5 25. Rd1 g6 26. h4 h5
27. b3 Qc7 28. Rd2 Rc8 29. Kg1 a5 30. Qd4 Qc6 31. Qd7 Qc5 32. Rd3 Kg7 33. Rf3
Rf8 34. Re3 Kg8 35. Rd3 Qf5 36. Qd4 Rc8 37. Kg2 Qc5 38. Qf6 Qc6+ 39. Kg1 Qc7
40. Qg5 Kg7 41. Qb5 Qc5 42. Qxc5 Rxc5 43. Rd7 Kf6 44. Rb7 e5 45. f3 Ke6 46. Kf2
f6 47. Ke3 Rc6 48. Ra7 Rc5 49. Rb7 Rc6 50. Ra7 Rc5 51. Ke4 f5+ 52. Ke3 Kf6 53.
Ra6+ Kf7 54. Ra7+ Kf6 55. Ra6+ Kf7 56. Rb6 Rc7 (56... Kg7 57. Rb5) 57. Rb5 Ke6
58. Rxa5 Rd7 59. Rb5 Ra7 60. Rxb4 Rxa2 61. Rb6+ Kf7 62. c5 Rc2 63. b4 Rc3+ 64.
Ke2 e4 65. fxe4 fxe4 66. c6 Rxg3 67. b5 Ke6 68. c7+ Kd7 69. Rc6 Kc8 70. b6 Rb3
71. Rxg6 1-0

[Event "SUI-chT"]
[Site "Switzerland"]
[Date "2002.10.06"]
[Round "9.5"]
[White "Kuehn, Peter"]
[Black "Schauwecker, Meinrad"]
[Result "1-0"]
[WhiteElo "2377"]
[BlackElo "2328"]
[PlyCount "49"]
[EventDate "2002.??.??"]
[SourceDate "2002.03.03"]
[WhiteTeam "Reichenstein"]
[BlackTeam "Winterthur"]

1. e4 e6 2. d4 d5 3. Nc3 Bb4 4. Nge2 Ne7 5. a3 Ba5 6. b4 Bb6 7. e5 O-O 8. Na4
Bd7 9. Nxb6 axb6 10. Ng3 Qe8 11. Nh5 Kh8 12. Bg5 Rg8 13. Bd3 Ng6 14. h4 Bb5 15.
Nf6 gxf6 16. Bxf6+ Rg7 17. h5 Bxd3 18. h6 Nf4 19. cxd3 Kg8 20. hxg7 Qb5 21. O-O
Nc6 22. g3 Nxd3 23. Kg2 Nxd4 24. Rh1 Ne2 25. Ra2 1-0

[Event "SUI-chT"]
[Site "Switzerland"]
[Date "2002.10.06"]
[Round "9.4"]
[White "Mantovani, Renzo"]
[Black "Almada, Enrique"]
[Result "0-1"]
[WhiteElo "2375"]
[BlackElo "2372"]
[Annotator "Herbrechtsmeier"]
[PlyCount "152"]
[EventDate "2002.??.??"]
[SourceDate "2002.03.03"]
[WhiteTeam "Mendrisio"]
[BlackTeam "Luzern"]

1. e4 e5 2. Nf3 Nc6 3. Bc4 Nf6 4. d3 Bc5 5. Nbd2 O-O 6. c3 a6 7. O-O d6 8. Bb3
Qe7 9. h3 Be6 10. Re1 h6 11. Nf1 Bxb3 12. axb3 Kh7 13. b4 Bb6 14. Ne3 Bxe3 15.
Bxe3 Rad8 16. Qb3 Qe6 17. Qa4 d5 18. Bg5 dxe4 19. dxe4 Kg8 20. Bxf6 Qxf6 21. b5
axb5 22. Qxb5 b6 23. Rad1 Rd6 24. Rd5 Rfd8 25. Red1 Qe6 26. R1d2 f6 27. Nh4 Kh7
28. Rxd6 Rxd6 29. Rxd6 Qxd6 30. Nf5 Qe6 31. Qd3 Ne7 32. Ne3 Qd6 33. Qxd6 cxd6
34. Kf1 Kg8 35. Ke2 Kf7 36. Nc4 Nc8 37. Kd3 Ke6 38. Ne3 Ne7 39. Kc4 g6 40. Kb5
f5 41. exf5+ gxf5 42. Kxb6 f4 43. Nc4 $6 Kd5 (43... e4) 44. Nd2 e4 45. b4 e3
46. fxe3 fxe3 47. Nf3 Kc4 48. b5 d5 49. g4 $1 e2 50. h4 $2 (50. Kc7 d4 51. cxd4
Kxb5 52. Kd6) 50... Kxc3 51. Kc5 Nc8 (51... Ng6 $5 52. b6 Ne5 53. Ne1 Kd2 54.
Ng2 Nd3+ (54... Nd7+ 55. Kc6 Nxb6 56. Kxb6 d4 57. g5 hxg5 58. hxg5 d3 59. g6
e1=Q 60. Nxe1 Kxe1 61. g7 d2 62. g8=Q d1=Q $11) 55. Kd4 (55. Kxd5 $2 Nf4+)
55... Nf4 56. b7 Nxg2 57. b8=Q e1=Q 58. Qb2+ Kd1 59. Qxg2 $11) 52. g5 hxg5 53.
hxg5 d4 54. g6 d3 55. g7 $2 (55. b6 Nxb6 56. Kxb6 d2 57. g7 d1=Q 58. g8=Q Qd6+
59. Kb7 $11) 55... Ne7 $19 56. b6 d2 57. b7 d1=Q $6 (57... e1=Q $1 58. b8=Q
Qe3+ 59. Kb5 d1=Q) 58. b8=Q $2 (58. g8=Q $142 Nxg8 59. b8=Q) 58... Qd5+ 59. Kb6
Qxf3 (59... Qe6+ $1 60. Kc7 (60. Kc5 Qc6#) (60. Kb7 Qc6+ 61. Ka7 Nc8+) 60...
Nd5+ 61. Kb7 Qb6+ 62. Kc8 Ne7+) 60. Qe5+ Kd2 61. Qb2+ (61. Qxe7 Qb3+ 62. Kc7
e1=Q) 61... Ke1 62. Qb4+ Kf1 63. Qxe7 Qb3+ 64. Kc7 Qc4+ 65. Kd8 e1=Q 66. Qf8+
Ke2 67. Qe8+ Kd1 68. g8=Q {Diagramm # Wer beginnt, gewinnt!} 68... Qa5+ 69. Ke7
Qac5+ (69... Qe5+ {# in 4}) 70. Kf6 Qh4+ (70... Qf4+ {# in 5}) 71. Ke6 Qe4+ (
71... Qb6+ {# in 3}) 72. Kf7 Qh5+ (72... Qef5+ {# in 5}) 73. Kf6 Qhxe8 74. Qg4+
Kd2 75. Qg5+ Ke2 76. Qb5+ Qxb5 0-1

[Event "SUI-chT"]
[Site "Switzerland"]
[Date "2002.??.??"]
[Round "9.1"]
[White "Bauer, Christian"]
[Black "Kortschnoj, Viktor"]
[Result "1/2-1/2"]
[WhiteElo "2576"]
[BlackElo "2647"]
[Annotator "Herbrechtsmeier"]
[PlyCount "60"]
[EventDate "2002.??.??"]
[SourceDate "2002.03.03"]
[WhiteTeam "Biel"]
[BlackTeam "Zürich"]

1. e4 e5 2. Nf3 Nc6 3. d4 exd4 4. Nxd4 Nf6 5. Nxc6 bxc6 6. e5 Qe7 7. Qe2 Nd5 8.
c4 Qb4+ $5 $146 (8... Ba6) (8... Nb6) 9. Nd2 Nf4 10. Qe4 (10. Qe3 Ne6 11. Bd3
Qb6 12. Qg3 Bb7 13. O-O Bc5 14. b4 Bxb4 15. Rb1 Qa5 16. Nb3 Qa4 17. Be3 Ba6 18.
Nd4 O-O-O 19. Nf5 {
1-0 Zaichik,G-Bereolos,P/29th World Open, Philadelphia USA 2001 (26)}) 10...
Ne6 11. Be2 (11. a3 Qb6 12. Be2 Bb7 13. O-O c5 {
0-1 Rensch,D-Bereolos,P/29th World Open, Philadelphia USA 2001 (37)}) 11... Bb7
12. O-O c5 13. Qe3 O-O-O 14. Nb3 Qb6 15. Bf3 d6 16. Bxb7+ Qxb7 17. Rd1 Be7 18.
Bd2 Bg5 19. Qh3 Bxd2 20. Rxd2 dxe5 21. Nxc5 Qb6 22. Rxd8+ Rxd8 23. Nxe6 Qxe6
24. Qxh7 g6 25. b3 Rd2 26. Qh6 Qd6 27. h3 Re2 28. Qh8+ Kb7 29. Qe8 Rxf2 30.
Qb5+ Kc8 1/2-1/2

[Event "SUI-chT"]
[Site "Switzerland"]
[Date "2002.09.08"]
[Round "9.2"]
[White "Gabriel, Christian"]
[Black "Milov, Vadim"]
[Result "0-1"]
[WhiteElo "2553"]
[BlackElo "2603"]
[Annotator "Herbrechtsmeier"]
[PlyCount "103"]
[EventDate "2002.??.??"]
[SourceDate "2002.03.03"]
[WhiteTeam "Zürich"]
[BlackTeam "Biel"]

1. d4 Nf6 2. c4 e6 3. Nc3 Bb4 4. Qc2 O-O 5. a3 Bxc3+ 6. Qxc3 d6 7. Nf3 Nbd7 8.
g3 b6 9. Bg2 Bb7 10. O-O c5 11. b4 Ne4 12. Qc2 Qc7 13. Bb2 Rfc8 14. Rfc1 Ndf6
15. Ne1 $6 (15. dxc5 $142 {Gabriel}) 15... cxd4 16. Bxd4 e5 17. Be3 d5 18. cxd5
{R} 18... Qxc2 19. Rxc2 Rxc2 20. Nxc2 Bxd5 21. Bc1 $1 Nc3 22. Bf1 Na4 23. Ne3
Be6 24. Bd2 Rd8 25. Be1 Rc8 26. Bg2 Kf8 (26... Ng4 $142 {Gabriel}) 27. Bb7 Rc7
28. Ba6 Nd5 29. Nxd5 Bxd5 30. f3 Ke7 31. Bb5 Nc3 (31... Nb2 $142 {Gabriel}) 32.
Bd3 e4 $6 33. fxe4 Nxe4 34. a4 Nd6 $2 (34... f5 35. a5 g6 36. axb6 axb6 37. Ra6
Rb7) 35. a5 b5 36. a6 Bb3 37. Bf2 Ba4 38. Bc5 {R} 38... Ke6 {
Milov sollte das Remisangebot annehmen!} 39. Bb1 Rc6 40. Ba2+ Ke5 41. Rf1 f6 $6
(41... f5 $142 {Gabriel}) 42. Rf4 $16 Nc4 {
50 Minuten investierte Milov fuer diesen Zug} (42... Ne4 43. Bxa7 Rxa6 44. Bb8+
Nd6 45. Bb1 h6 46. Re4+ Kd5 47. Re7 Bb3 48. Bh7 Ra8) 43. Bb1 Nd6 (43... Rxa6
44. Re4+ Kd5 45. Rd4+ Ke6) 44. Bxa7 Rxa6 45. Bd4+ Ke6 46. Bxh7 Ra8 (46... Kf7
$142 47. Bc5 Nb7) 47. Bc5 Bb3 48. Rd4 Nc4 49. Bg6 Ra2 50. Kf2 $18 Rd2 51. Rxd2
Nxd2 52. Bf8 0-1

[Event "SUI-chT"]
[Site "Switzerland"]
[Date "2002.09.08"]
[Round "9.4"]
[White "Jenni, Florian"]
[Black "Begovac, Franja"]
[Result "1-0"]
[WhiteElo "2541"]
[BlackElo "2421"]
[Annotator "Herbrechtsmeier"]
[PlyCount "95"]
[EventDate "2002.??.??"]
[SourceDate "2002.03.03"]
[WhiteTeam "Zürich"]
[BlackTeam "Biel"]

1. e4 Nf6 2. e5 Nd5 3. d4 d6 4. Nf3 g6 5. Bc4 Nb6 6. Bb3 Bg7 7. Qe2 Nc6 8. Bf4
$6 (8. h3 $142 {Jenni}) 8... dxe5 9. Nxe5 $2 (9. dxe5 $142 {Jenni}) 9... Bxe5 (
9... Qxd4 $1 10. Bxf7+ Kf8 11. Nxc6 bxc6 12. Qf3 Qxb2 13. Be6 Bxe6 14. Be5+ Bf7
15. Bxb2 Bxb2 $17) 10. Bxe5 Nxd4 11. Qe3 Nxb3 12. axb3 O-O 13. Nd2 (13. Nc3
$142 {Jenni}) 13... f6 14. Bg3 Nd5 15. Qe2 Bf5 16. O-O-O $2 c6 17. Nc4 e5 18.
h4 b5 19. Na3 (19. Ne3 Qa5 $17) 19... Qa5 20. Qe1 (20. h5 Nc3 $1) 20... b4 21.
Nb1 Qc5 22. Qe2 a5 23. Qc4 Qxc4 24. bxc4 Nb6 25. Nd2 a4 26. f3 b3 (26... a3 $1
27. b3 Rfd8 $19) 27. Bf2 bxc2 $6 (27... Rfb8 $19 {Cvitan}) 28. Rde1 Rfb8 29.
Bc5 Kf7 (29... h5) 30. Re3 Nd7 31. Ba3 Rd8 32. g4 Be6 33. c5 Ra5 (33... Bd5 $17
) 34. Ne4 Bd5 $4 $138 35. Nd6+ Ke6 36. Nb7 Rda8 37. Nxa5 Rxa5 38. Rc3 Bb3 (
38... h5 $5) 39. Rh2 f5 $6 (39... h5) 40. Rd2 Ra6 $2 (40... Bd5) 41. Rd6+ Ke7
42. gxf5 gxf5 43. Re3 f4 44. Re1 Bf7 45. Kxc2 Bg6+ 46. Kc1 Bh5 47. Rg1 Nf6 48.
Rg5 1-0

[Event "SUI-chT"]
[Site "Switzerland"]
[Date "2002.10.06"]
[Round "9.5"]
[White "Gallagher, Joseph G"]
[Black "Atlas, Valeri"]
[Result "1-0"]
[WhiteElo "2503"]
[BlackElo "2503"]
[Annotator "Herbrechtsmeier"]
[PlyCount "105"]
[EventDate "2002.??.??"]
[SourceDate "2002.03.03"]
[WhiteTeam "Biel"]
[BlackTeam "Zürich"]

1. e4 c5 2. Nf3 e6 3. d4 cxd4 4. Nxd4 Nf6 5. Nc3 d6 6. g4 h6 7. h4 Be7 8. Qf3
Nc6 9. Nxc6 bxc6 10. g5 Nh7 11. Qg3 Nf8 12. gxh6 gxh6 13. h5 Qb6 14. f4 Bb7 15.
Bd2 O-O-O 16. O-O-O d5 17. f5 Qc7 18. Qxc7+ Kxc7 19. fxe6 fxe6 20. exd5 exd5
21. Rg1 Bc5 22. Bf4+ Bd6 23. Bxd6+ Rxd6 24. Bh3 Rh7 25. Rdf1 Ne6 26. Rg8 Ng5
27. Bg4 Re7 28. b3 d4 $6 (28... Ne4) 29. Na4 Ne4 $2 30. Re1 Rd8 31. Rg6 Rde8
32. Rxh6 c5 33. Bf5 Ng3 34. Rxe7+ Rxe7 35. Bd3 c4 36. Bxc4 Bf3 37. Ra6 Re1+ 38.
Kb2 Bxh5 39. Rxa7+ Kd6 40. Ra6+ Kc7 41. Nc5 Nf5 42. Bd3 Nd6 43. b4 Bf7 44. b5
Bd5 45. b6+ Kb8 46. Ra4 Nb7 47. Na6+ Kc8 48. Rxd4 Be6 49. Be4 Na5 50. Nc5 Nc4+
51. Rxc4 Bxc4 52. b7+ Kc7 53. Nd7 1-0